[Event "7.Open inter.Ch.of Vojvodina 2016"]
[Site "Novi Sad - Master Centar, Hajd"]
[Date "2016.07.18"]
[Round "6.4"]
[White "Chekletsov, Ilya"]
[Black "Atalik, Suat"]
[Result "1/2-1/2"]
[WhiteElo "2223"]
[BlackElo "2564"]
[PlyCount "166"]
[EventDate "2016.07.15"]

1. d4 f5 2. c4 Nf6 3. Nc3 e6 4. g3 Bb4 5. Bd2 O-O 6. Bg2 d6 7. Nf3 Qe7 8. Qb3
c5 9. dxc5 Bxc5 10. O-O Nc6 11. Bg5 Bd7 12. a3 Rac8 13. Qc2 Nd8 14. e4 h6 15.
Bxf6 Rxf6 16. Rfe1 f4 17. e5 dxe5 18. Nxe5 fxg3 19. hxg3 Bd4 20. Qd3 Bxc3 21.
Qxc3 Bc6 22. Nxc6 Nxc6 23. Qe3 a5 24. Re2 a4 25. Rd1 Qc7 26. Bh3 Re8 27. Qc5
Qf7 28. Bg2 Rf5 29. Qd6 Na5 30. Qb4 Rf8 31. Bh3 Qh5 32. Bxf5 Qxe2 33. Re1 Qf3
34. Bxe6+ Kh8 35. Qb6 Qf6 36. Qxa5 Qxf2+ 37. Kh1 Qxg3 38. Qd2 Qh4+ 39. Kg2 Rf4
40. Qe3 h5 41. Bh3 Qg5+ 42. Kh2 Qh4 43. Re2 Kh7 44. Qd3+ g6 45. Rg2 Qf6 46.
Qd7+ Kh6 47. Qe6 g5 48. Qxf6+ Rxf6 49. Re2 g4 50. Bg2 Rf4 51. Kg3 Rxc4 52. Bxb7
Rc7 53. Bg2 Kg6 54. Re5 Rd7 55. Be4+ Kf6 56. Rxh5 Rd4 57. Kf4 g3 58. Rf5+ Ke6
59. Ke3 Rd1 60. Rg5 Re1+ 61. Kd3 Rg1 62. Kc3 Kf6 63. Rg8 Ke5 64. Ba8 Kf4 65.
Bc6 Rc1+ 66. Kb4 Rxc6 67. Kxa4 Rc5 68. b4 Rg5 69. Rf8+ Ke3 70. Rf1 g2 71. Rg1
Kf2 72. Rxg2+ Rxg2 73. Kb5 Ke3 74. a4 Kd4 75. a5 Rg8 76. Kb6 Kc4 77. a6 Rg6+
78. Kb7 Kb5 79. a7 Rg7+ 80. Kb8 Kb6 81. a8=N+ Kc6 82. b5+ Kxb5 83. Nc7+ Kc6
1/2-1/2

[Event "7.Open inter.Ch.of Vojvodina 2016"]
[Site "Novi Sad - Master Centar, Hajd"]
[Date "2016.07.18"]
[Round "6.5"]
[White "Markovic, Miroslav"]
[Black "Lundin, Jan"]
[Result "1-0"]
[WhiteElo "2469"]
[BlackElo "2237"]
[PlyCount "89"]
[EventDate "2016.07.15"]

1. e4 e5 2. Nf3 Nc6 3. c3 Nf6 4. d3 d6 5. g3 g6 6. Bg2 Bg7 7. O-O O-O 8. Re1 d5
9. Nbd2 dxe4 10. dxe4 Be6 11. Qe2 Nd7 12. Nc4 Nb6 13. Ne3 Qe7 14. b3 Rfe8 15.
h4 Rad8 16. Ng5 Nd4 17. Qf1 h6 18. Nxe6 Nxe6 19. h5 c6 20. Qe2 Ng5 21. a4 Qe6
22. b4 a6 23. hxg6 fxg6 24. Ng4 Nf7 25. Bh3 Qb3 26. Qf3 Rf8 27. Ra3 Qc2 28. Ne3
Qd3 29. Be6 Qd6 30. Qg4 Rde8 31. Bb3 Kh7 32. Ra2 Ng5 33. Rd1 Qf6 34. a5 Nf3+
35. Kh1 h5 36. Qh3 Ng5 37. Qg2 Nc8 38. Nc4 Nf3 39. Be3 Bh6 40. Bc5 Rh8 41. Nd6
Ng5 42. Nxe8 Rxe8 43. Rd7+ Bg7 44. Rad2 Ne6 45. Rxb7 1-0

[Event "7.Open inter.Ch.of Vojvodina 2016"]
[Site "Novi Sad - Master Centar, Hajd"]
[Date "2016.07.18"]
[Round "6.6"]
[White "Pikula, Dejan"]
[Black "Titov, Ivan"]
[Result "1-0"]
[WhiteElo "2434"]
[BlackElo "2218"]
[PlyCount "65"]
[EventDate "2016.07.15"]

1. e4 Nc6 2. Nf3 f5 3. exf5 d5 4. Bb5 Bxf5 5. Ne5 Bd7 6. Bxc6 Bxc6 7. d4 Qd6 8.
O-O Qf6 9. Nd2 O-O-O 10. a4 Nh6 11. Ndf3 Nf7 12. Re1 h6 13. Nxf7 Qxf7 14. Ne5
Qf5 15. Ra3 Be8 16. Rf3 Qh7 17. Rc3 e6 18. Nd3 Bd6 19. Bf4 g5 20. Bxd6 Rxd6 21.
Nc5 Qf5 22. Re5 Qg6 23. Qe2 Bd7 24. a5 a6 25. Rb3 Bb5 26. Rxb5 axb5 27. Qxb5 b6
28. Qa6+ Kd8 29. axb6 Ke7 30. Qb7 Qxc2 31. Qxc7+ Ke8 32. Rxe6+ Rxe6 33. Qd7+
1-0

[Event "7.Open inter.Ch.of Vojvodina 2016"]
[Site "Novi Sad - Master Centar, Hajd"]
[Date "2016.07.18"]
[Round "6.7"]
[White "Jovicic, Radosav"]
[Black "Rogac, Srdjan"]
[Result "0-1"]
[WhiteElo "2202"]
[BlackElo "2408"]
[PlyCount "116"]
[EventDate "2016.07.15"]

1. d4 Nf6 2. Qd3 d5 3. Bf4 c6 4. Nc3 Qa5 5. f3 b5 6. a4 b4 7. Nd1 Ba6 8. Qd2 e6
9. g4 c5 10. e3 Nc6 11. Bxa6 Qxa6 12. Ne2 Rc8 13. Nf2 cxd4 14. exd4 b3 15. c3
Na5 16. Nc1 Nd7 17. Ncd3 Rc4 18. O-O Qc6 19. Bg3 h5 20. gxh5 Rxa4 21. Rae1 Be7
22. Nf4 Bg5 23. N2h3 Bh6 24. Re2 O-O 25. Bh4 Nc4 26. Qd1 e5 27. dxe5 Nxb2 28.
Rxb2 Bxf4 29. Nxf4 Rxf4 30. Bg3 Rc4 31. Rxb3 a5 32. Qd2 a4 33. Rb2 Rxc3 34. Qg5
Qh6 35. Qg4 Nxe5 36. Qf5 Nc4 37. Rbf2 Ne3 38. Qe5 Nxf1 39. Qxc3 Nxg3 40. hxg3
Qxh5 41. Qa5 Rc8 42. Kg2 Rc1 43. Qd8+ Kh7 44. Qh4 Qxh4 45. gxh4 a3 46. Rd2 Rc5
47. Kg3 Ra5 48. Ra2 Kg6 49. Kg4 Ra4+ 50. Kh3 Kf5 51. Kg3 g6 52. Kg2 Kf4 53. Kf2
f5 54. Ke2 Kg3 55. Kd3 Kxf3 56. Kc3 Ke3 57. Kb3 Ra8 58. Kc2 d4 0-1

[Event "7.Open inter.Ch.of Vojvodina 2016"]
[Site "Novi Sad - Master Centar, Hajd"]
[Date "2016.07.18"]
[Round "6.8"]
[White "Drazic, Sinisa"]
[Black "Ujhazi, Ivan"]
[Result "1-0"]
[WhiteElo "2402"]
[BlackElo "2212"]
[PlyCount "103"]
[EventDate "2016.07.15"]

1. b3 e5 2. Bb2 Nc6 3. e3 Nf6 4. Bb5 d6 5. d4 Bd7 6. Nf3 e4 7. Nfd2 a6 8. Be2
d5 9. c4 Bb4 10. O-O Ne7 11. a3 Bxd2 12. Qxd2 c6 13. a4 O-O 14. Nc3 Re8 15. Ba3
Be6 16. f3 exf3 17. gxf3 Bh3 18. Rfe1 Nf5 19. Bd3 Nh4 20. Qf2 Nh5 21. f4 Bf5
22. Be2 g6 23. a5 Ng7 24. cxd5 cxd5 25. Bc5 Be4 26. b4 Nhf5 27. Rac1 Rc8 28.
Bg4 Rc6 29. Nxe4 Rxe4 30. Bf3 Re8 31. e4 dxe4 32. Rxe4 Rce6 33. Re5 Rxe5 34.
dxe5 Ne6 35. Bxb7 Nxc5 36. bxc5 Qxa5 37. c6 Qc7 38. Bxa6 Rd8 39. Bf1 Kg7 40.
Bg2 Rb8 41. Be4 Ne7 42. Kh1 Rb4 43. Qe3 g5 44. Rg1 h6 45. h4 Ng6 46. hxg5 hxg5
47. Rxg5 Qa5 48. Rg2 Qa4 49. Bxg6 fxg6 50. c7 Rxf4 51. c8=Q Rf1+ 52. Kh2 1-0

[Event "7.Open inter.Ch.of Vojvodina 2016"]
[Site "Novi Sad - Master Centar, Hajd"]
[Date "2016.07.18"]
[Round "6.9"]
[White "Leskur, Dejan"]
[Black "Tisma, Ivan"]
[Result "1/2-1/2"]
[WhiteElo "2392"]
[BlackElo "2212"]
[PlyCount "57"]
[EventDate "2016.07.15"]

1. d4 Nf6 2. Nf3 e6 3. Bf4 c5 4. e3 Qb6 5. Qc1 Nc6 6. c3 d5 7. h3 Be7 8. Nbd2
Bd7 9. Bd3 O-O 10. Rb1 Rfc8 11. Qd1 a6 12. O-O Qd8 13. Re1 b5 14. Qe2 Qb6 15.
dxc5 Bxc5 16. e4 g6 17. e5 Nh5 18. Bh2 b4 19. g4 Ng7 20. Bg3 Be7 21. Nb3 Na5
22. Nbd4 bxc3 23. bxc3 Qd8 24. Qd2 Ne8 25. h4 Nc4 26. Qf4 Rab8 27. Rxb8 Rxb8
28. h5 Nc7 29. g5 1/2-1/2

[Event "7.Open inter.Ch.of Vojvodina 2016"]
[Site "Novi Sad - Master Centar, Hajd"]
[Date "2016.07.18"]
[Round "6.10"]
[White "Dronjic, Sinisa"]
[Black "Minko, Vladimir"]
[Result "0-1"]
[WhiteElo "2194"]
[BlackElo "2379"]
[PlyCount "44"]
[EventDate "2016.07.15"]

1. c4 c5 2. Nc3 Nc6 3. Nf3 e5 4. g3 g6 5. Bg2 Bg7 6. O-O Nge7 7. Ne1 d6 8. Nc2
O-O 9. Ne3 Be6 10. d3 Qd7 11. Ned5 Bh3 12. Qa4 Bxg2 13. Nxe7+ Qxe7 14. Kxg2 f5
15. Nd5 Qd7 16. Bd2 Rae8 17. e4 g5 18. Bc3 g4 19. Rae1 f4 20. f3 fxg3 21. hxg3
gxf3+ 22. Kf2 Qh3 0-1

[Event "7.Open inter.Ch.of Vojvodina 2016"]
[Site "Novi Sad - Master Centar, Hajd"]
[Date "2016.07.18"]
[Round "6.11"]
[White "Djoric, Hadzi Goran"]
[Black "Blazeka, Matej"]
[Result "1/2-1/2"]
[WhiteElo "2129"]
[BlackElo "2328"]
[PlyCount "32"]
[EventDate "2016.07.15"]

1. d4 c5 2. e3 Nf6 3. Nf3 e6 4. Bd3 b6 5. O-O Bb7 6. Nbd2 Nc6 7. a3 d5 8. b3
Bd6 9. Bb2 O-O 10. Qe2 Re8 11. Ne5 Qc7 12. f4 Ne7 13. Rf3 Ne4 14. Rh3 Ng6 15.
Bxe4 dxe4 16. Qh5 Nf8 1/2-1/2

[Event "7.Open inter.Ch.of Vojvodina 2016"]
[Site "Novi Sad - Master Centar, Hajd"]
[Date "2016.07.18"]
[Round "6.12"]
[White "Besedes, Danilo"]
[Black "Omorjan, Dejan"]
[Result "1-0"]
[WhiteElo "2306"]
[BlackElo "2201"]
[PlyCount "123"]
[EventDate "2016.07.15"]

1. d4 Nf6 2. Bf4 g6 3. Nc3 d5 4. Qd2 Bg7 5. Bh6 Bxh6 6. Qxh6 c6 7. f3 b5 8. Qd2
a5 9. e3 Ba6 10. Bd3 Nbd7 11. Nge2 Qc7 12. a3 O-O 13. O-O e5 14. Kh1 Rfe8 15.
dxe5 Nxe5 16. b4 Rad8 17. Nd4 Nc4 18. Bxc4 dxc4 19. Nce2 Bb7 20. e4 Nh5 21.
Rad1 Ng7 22. Qg5 Qe5 23. Qxe5 Rxe5 24. Kg1 Ree8 25. Kf2 Rd7 26. Ke3 f5 27. Ng3
Red8 28. exf5 Nxf5+ 29. Ngxf5 gxf5 30. c3 Kf7 31. Kf4 Rd5 32. Rde1 axb4 33.
axb4 Rg8 34. g3 Ra8 35. Ra1 c5 36. bxc5 Rxa1 37. Rxa1 b4 38. c6 Rxd4+ 39. cxd4
Bxc6 40. Rb1 b3 41. Ke3 Bd5 42. Kd2 Bxf3 43. Kc3 Be4 44. Ra1 Kf6 45. Ra5 Ke6
46. Re5+ Kf6 47. Rb5 Bd3 48. Rb6+ Kf7 49. Rb7+ Kg6 50. Re7 Be4 51. Re5 Kf6 52.
Kb2 Bd3 53. Re8 Kf7 54. Rh8 Kg7 55. Rc8 Kf6 56. Kc3 Kf7 57. Rc7+ Kg6 58. Rb7 h6
59. Rxb3 cxb3 60. Kxd3 b2 61. Kc2 h5 62. Kxb2 1-0

[Event "7.Open inter.Ch.of Vojvodina 2016"]
[Site "Novi Sad - Master Centar, Hajd"]
[Date "2016.07.18"]
[Round "6.13"]
[White "Marholev, Dimitar"]
[Black "Jovic, Stevan"]
[Result "1/2-1/2"]
[WhiteElo "2244"]
[BlackElo "2143"]
[PlyCount "39"]
[EventDate "2016.07.15"]

1. e4 c6 2. Ne2 d5 3. e5 c5 4. b4 cxb4 5. d4 Nc6 6. a3 e6 7. axb4 Bxb4+ 8. c3
Be7 9. Ng3 f5 10. Bd3 g6 11. Ba3 Bd7 12. O-O a6 13. Nd2 b5 14. Nf3 b4 15. cxb4
Nxb4 16. Be2 a5 17. Qd2 Rc8 18. Rac1 Rxc1 19. Rxc1 Qb6 20. Nf1 1/2-1/2

[Event "7.Open inter.Ch.of Vojvodina 2016"]
[Site "Novi Sad - Master Centar, Hajd"]
[Date "2016.07.18"]
[Round "6.14"]
[White "Adamov, Ivan"]
[Black "Cabarkapa, Novak"]
[Result "1-0"]
[WhiteElo "2086"]
[BlackElo "2424"]
[PlyCount "89"]
[EventDate "2016.07.15"]

1. e4 e6 2. d4 d5 3. Nc3 Nf6 4. e5 Nfd7 5. f4 c5 6. Nf3 Nc6 7. Be3 Be7 8. Qd2
b6 9. Bd3 O-O 10. O-O f5 11. Bb5 Nxd4 12. Nxd4 cxd4 13. Bxd4 Bb7 14. Rfd1 Rc8
15. Ne2 Nc5 16. Be3 Ne4 17. Qd3 Nc5 18. Qd2 a6 19. Bd3 Qe8 20. Nd4 Qg6 21. a4
Kh8 22. b4 Ne4 23. Bxe4 dxe4 24. b5 Rfd8 25. Qe2 axb5 26. Nxb5 Rxd1+ 27. Rxd1
Bd5 28. Bxb6 e3 29. Bxe3 Be4 30. c3 Ra8 31. Ra1 Rd8 32. Bd4 Qh6 33. Qe3 g5 34.
Nd6 gxf4 35. Qxe4 fxe4 36. Nf7+ Kg7 37. Nxh6 Kxh6 38. a5 Ra8 39. a6 Kg5 40. a7
Bd8 41. Rb1 Ba5 42. Rb8 Bxc3 43. Rxa8 Bxd4+ 44. Kf1 Kh5 45. Rh8 1-0

[Event "7.Open inter.Ch.of Vojvodina 2016"]
[Site "Novi Sad - Master Centar, Hajd"]
[Date "2016.07.18"]
[Round "6.15"]
[White "Petrusic, Velimir"]
[Black "Kumic, Filip"]
[Result "0-1"]
[WhiteElo "2172"]
[BlackElo "2312"]
[PlyCount "98"]
[EventDate "2016.07.15"]

1. d4 d5 2. Bf4 Nf6 3. e3 Nbd7 4. Nd2 c5 5. c3 g6 6. Ngf3 Bg7 7. Be2 O-O 8. O-O
Nh5 9. Bg5 h6 10. Bh4 g5 11. Ne1 Nhf6 12. Bg3 Ne4 13. Nxe4 dxe4 14. f3 cxd4 15.
cxd4 Nf6 16. Be5 Bf5 17. fxe4 Bxe4 18. Bf3 Qd5 19. Nd3 Bxf3 20. Qxf3 Rac8 21.
Nc5 Rxc5 22. Bxf6 Qxf3 23. Rxf3 Rc7 24. Bxg7 Kxg7 25. Raf1 Rc2 26. R3f2 Rxf2
27. Rxf2 Rc8 28. g4 e6 29. Kg2 Kg6 30. Kg3 f5 31. gxf5+ exf5 32. Rd2 Kf6 33. h4
Re8 34. hxg5+ hxg5 35. Rd3 Rxe3+ 36. Rxe3 f4+ 37. Kf3 fxe3 38. Kxe3 Kf5 39. Kf3
b6 40. d5 Ke5 41. Kg4 Kxd5 42. Kxg5 Kd4 43. Kf5 Kd3 44. Ke5 Kc2 45. b3 Kb2 46.
Kd5 Kxa2 47. Kc4 Kb2 48. b4 Ka3 49. Kb5 Kb3 0-1

[Event "7.Open inter.Ch.of Vojvodina 2016"]
[Site "Novi Sad - Master Centar, Hajd"]
[Date "2016.07.18"]
[Round "6.16"]
[White "Paramzina, Anastasya"]
[Black "Desnica, Vladan"]
[Result "1-0"]
[WhiteElo "2140"]
[BlackElo "2261"]
[PlyCount "63"]
[EventDate "2016.07.15"]

1. e4 e5 2. Nf3 Nc6 3. Bc4 Bc5 4. c3 Nf6 5. d3 a6 6. O-O d6 7. Bb3 O-O 8. h3 h6
9. Re1 Ba7 10. Nbd2 Nh5 11. Nf1 Qf6 12. Be3 Bxe3 13. Nxe3 Ne7 14. Bc2 Nf4 15.
Kh2 Neg6 16. Ng1 Ne6 17. Qd2 Ng5 18. Rf1 Re8 19. Rae1 b5 20. Qd1 a5 21. a4 b4
22. cxb4 axb4 23. Nd5 Qd8 24. Nxb4 Rb8 25. Nc6 Qf6 26. Nxb8 Nf4 27. Nc6 Qg6 28.
Re3 Nxe4 29. g3 d5 30. dxe4 d4 31. Ra3 Qxc6 32. gxf4 1-0

[Event "7.Open inter.Ch.of Vojvodina 2016"]
[Site "Novi Sad - Master Centar, Hajd"]
[Date "2016.07.18"]
[Round "6.17"]
[White "Cengija, Vanja"]
[Black "Kecskemeti, Arpad"]
[Result "1-0"]
[WhiteElo "2252"]
[BlackElo "2120"]
[PlyCount "95"]
[EventDate "2016.07.15"]

1. Nf3 Nf6 2. c4 g6 3. Nc3 Bg7 4. d4 O-O 5. Bg5 d6 6. e3 Nbd7 7. Be2 c6 8. Qc2
e5 9. O-O h6 10. Bh4 g5 11. Bg3 Nh5 12. dxe5 Nxg3 13. hxg3 dxe5 14. Rad1 Qe7
15. Bd3 Nc5 16. Bh7+ Kh8 17. Bf5 Be6 18. b4 Na6 19. a3 Rad8 20. c5 Nc7 21. g4
Nd5 22. Ne4 Nf6 23. Nxf6 Qxf6 24. Nd2 h5 25. Bxe6 Qxe6 26. gxh5 f5 27. Qc4 Qh6
28. g4 e4 29. Qe2 Qe6 30. f3 fxg4 31. fxg4 Qa2 32. Rxf8+ Rxf8 33. Rf1 Rxf1+ 34.
Kxf1 Qxa3 35. Nxe4 Qxb4 36. Qd3 Qb5 37. Qxb5 cxb5 38. Ke2 a5 39. Kd3 a4 40. Nc3
a3 41. Kc2 Bxc3 42. Kxc3 Kg7 43. Kb3 b4 44. Ka2 Kf7 45. e4 Kf6 46. Kb3 Ke6 47.
h6 Kf6 48. e5+ 1-0

[Event "7.Open inter.Ch.of Vojvodina 2016"]
[Site "Novi Sad - Master Centar, Hajd"]
[Date "2016.07.18"]
[Round "6.18"]
[White "Matovic, Mihajlo Z"]
[Black "Stojkovic, Nenad P"]
[Result "1/2-1/2"]
[WhiteElo "2236"]
[BlackElo "2114"]
[PlyCount "31"]
[EventDate "2016.07.15"]

1. e4 c5 2. Nf3 d6 3. d4 cxd4 4. Nxd4 Nf6 5. Nc3 g6 6. Be2 Bg7 7. O-O O-O 8.
Be3 Nc6 9. Nb3 Be6 10. f4 Na5 11. f5 Bc4 12. e5 Bxe2 13. Qxe2 Ne8 14. f6 exf6
15. exf6 Nxb3 16. axb3 1/2-1/2

[Event "7.Open inter.Ch.of Vojvodina 2016"]
[Site "Novi Sad - Master Centar, Hajd"]
[Date "2016.07.19"]
[Round "7.1"]
[White "Kovacevic, Aleksandar"]
[Black "Obodchuk, Andrei"]
[Result "1/2-1/2"]
[WhiteElo "2515"]
[BlackElo "2395"]
[PlyCount "27"]
[EventDate "2016.07.15"]

1. e4 c5 2. Nf3 e6 3. d4 cxd4 4. Nxd4 Nc6 5. Nc3 Qc7 6. Be3 a6 7. Qd2 Nf6 8.
O-O-O Be7 9. f3 b5 10. g4 Nxd4 11. Qxd4 Bb7 12. g5 Nh5 13. Kb1 Rc8 14. Qd3
1/2-1/2

[Event "7.Open inter.Ch.of Vojvodina 2016"]
[Site "Novi Sad - Master Centar, Hajd"]
[Date "2016.07.19"]
[Round "7.2"]
[White "Rogac, Srdjan"]
[Black "Dobrov, Vladimir"]
[Result "0-1"]
[WhiteElo "2408"]
[BlackElo "2505"]
[PlyCount "84"]
[EventDate "2016.07.15"]

1. c4 c6 2. Nf3 d5 3. b3 dxc4 4. bxc4 e5 5. Qc2 Bd6 6. Bb2 Qe7 7. g3 Na6 8. Nc3
f5 9. Bg2 Nf6 10. O-O e4 11. Nd4 h5 12. d3 Nc5 13. dxe4 fxe4 14. Nb3 Nxb3 15.
axb3 Bf5 16. Ra5 Bh7 17. Qc1 Bc7 18. Ba3 Qf7 19. Ra4 h4 20. Qg5 Bg6 21. c5 Rh5
22. Qc1 Re5 23. Rd1 Bf5 24. Rdd4 Qg6 25. Nd1 hxg3 26. hxg3 Be6 27. Ne3 Qh5 28.
Qd1 Kf7 29. Qd2 a5 30. Nc4 Rh8 31. e3 Qh2+ 32. Kf1 Qh1+ 33. Bxh1 Rxh1+ 34. Kg2
Reh5 35. Rxe4 Bd5 36. Nd6+ Bxd6 37. Qxd5+ cxd5 38. Rh4 R1xh4 39. gxh4 Bc7 40.
Bb2 Ne4 41. f3 Nxc5 42. Rg4 Be5 0-1

[Event "7.Open inter.Ch.of Vojvodina 2016"]
[Site "Novi Sad - Master Centar, Hajd"]
[Date "2016.07.19"]
[Round "7.3"]
[White "Drazic, Sinisa"]
[Black "Markovic, Miroslav"]
[Result "1/2-1/2"]
[WhiteElo "2402"]
[BlackElo "2469"]
[PlyCount "160"]
[EventDate "2016.07.15"]

1. Nf3 Nf6 2. b3 d6 3. d4 a5 4. a4 g6 5. Bb2 Bg7 6. g3 O-O 7. Bg2 Nbd7 8. Nbd2
Re8 9. O-O e5 10. dxe5 dxe5 11. e4 b6 12. Nc4 Ba6 13. Nfd2 Qe7 14. Re1 Rad8 15.
Qe2 Qe6 16. f3 h5 17. Qf2 Bf8 18. Ba3 Bc5 19. Bxc5 Nxc5 20. Bf1 Rd4 21. Ne3
Red8 22. Bxa6 Rxd2 23. Re2 R2d6 24. Bc4 Qe7 25. Ree1 Kg7 26. Rad1 h4 27. Rxd6
Rxd6 28. Rd1 hxg3 29. hxg3 Rxd1+ 30. Nxd1 Nh5 31. Ne3 Qg5 32. Nf1 Nb7 33. Kh2
Nd6 34. Qe3 Qe7 35. Be2 Nf6 36. Kg2 Nh5 37. Kh2 Kg8 38. Qh6 Qf8 39. Qg5 Qe8 40.
Ne3 f6 41. Qh6 Qf7 42. Bc4 Nxc4 43. Nxc4 Ng7 44. Kg2 Ne6 45. Ne3 Nd4 46. Kf2 c6
47. Qh3 b5 48. Qc8+ Kg7 49. Qd8 Qa7 50. Kg2 Ne6 51. Qd2 Qd4 52. Qxd4 Nxd4 53.
f4 exf4 54. gxf4 Kf7 55. f5 g5 56. Kf2 Ke7 57. Ke1 Kd6 58. Kd2 Nf3+ 59. Ke2 Ne5
60. c3 Kc5 61. axb5 cxb5 62. b4+ axb4 63. cxb4+ Kxb4 64. Nd5+ Kc4 65. Nxf6 b4
66. Kd2 Kd4 67. Kc2 g4 68. Nh5 Kxe4 69. f6 Kf5 70. Kb3 Kg6 71. Ng3 Kxf6 72.
Kxb4 Kg5 73. Ne2 Kf5 74. Kc3 Ke4 75. Kd2 Kf3 76. Ke1 Kg2 77. Nf4+ Kh2 78. Ne2
Kg2 79. Nf4+ Kf3 80. Nh5 Kg2 1/2-1/2

[Event "7.Open inter.Ch.of Vojvodina 2016"]
[Site "Novi Sad - Master Centar, Hajd"]
[Date "2016.07.19"]
[Round "7.4"]
[White "Adamov, Ivan"]
[Black "Pikula, Dejan"]
[Result "1/2-1/2"]
[WhiteElo "2086"]
[BlackElo "2434"]
[PlyCount "160"]
[EventDate "2016.07.15"]

1. e4 c5 2. Nf3 e6 3. d4 cxd4 4. Nxd4 a6 5. Nc3 Qc7 6. Bd3 Bc5 7. Nb3 Be7 8.
Qg4 g6 9. Qe2 Nc6 10. O-O d6 11. Be3 Nf6 12. Bh6 Ne5 13. h3 b5 14. a4 bxa4 15.
Rxa4 Nxd3 16. Qxd3 Nd7 17. Rd1 Rb8 18. Ra2 Ne5 19. Qd4 g5 20. h4 gxh4 21. f4
Ng6 22. f5 Ne5 23. Kh1 Rg8 24. Qd2 Nc4 25. Qd3 Bf6 26. fxe6 fxe6 27. Qf3 Qf7
28. Nd2 Ne5 29. Qf1 Ng4 30. Nc4 Be5 31. Qxf7+ Kxf7 32. Nxe5+ dxe5 33. Rf1+ Kg6
34. Bc1 Rb4 35. Ra4 Rd4 36. Ra5 Bb7 37. Rc5 Rg7 38. b3 Rgd7 39. Kg1 h6 40. Kh1
R4d6 41. Kg1 Rc6 42. Na4 Rcd6 43. Rc3 Rd1 44. Rcf3 Bxe4 45. Nc5 Bxf3 46. Nxd7
Rxf1+ 47. Kxf1 Bd1 48. c4 Bxb3 49. c5 Bd5 50. Nb8 Kf7 51. c6 Ke8 52. c7 Bb7 53.
Bd2 h5 54. Ke2 Nf6 55. Nc6 Kd7 56. Nxe5+ Kxc7 57. Bg5 Nh7 58. Bxh4 Bxg2 59. Be7
Kb6 60. Kd2 Kb5 61. Kc3 Bd5 62. Kb2 a5 63. Kc3 a4 64. Kb2 Kb6 65. Ka3 Bb3 66.
Kb4 Bd1 67. Ka3 Kb5 68. Kb2 Bg4 69. Ka3 Be2 70. Kb2 h4 71. Bxh4 Kc5 72. Be7+
Kd4 73. Ng6 e5 74. Nf8 Nxf8 75. Bxf8 e4 76. Bh6 Bb5 77. Bg7+ Kd3 78. Bh6 Bd7
79. Bg5 e3 80. Bxe3 Kxe3 1/2-1/2

[Event "7.Open inter.Ch.of Vojvodina 2016"]
[Site "Novi Sad - Master Centar, Hajd"]
[Date "2016.07.19"]
[Round "7.5"]
[White "Minko, Vladimir"]
[Black "Dimitrov, Vladimir"]
[Result "1/2-1/2"]
[WhiteElo "2379"]
[BlackElo "2413"]
[PlyCount "67"]
[EventDate "2016.07.15"]

1. d4 Nf6 2. c4 e6 3. g3 c5 4. Nf3 cxd4 5. Nxd4 Qc7 6. Nd2 Bc5 7. N2b3 Be7 8.
Bf4 e5 9. Nb5 Qc6 10. Bxe5 Qxh1 11. Nc7+ Kf8 12. Nxa8 Ng4 13. Qd4 Nxe5 14. Qxe5
Nc6 15. Qf4 g5 16. Qe3 Nb4 17. Qc3 Rg8 18. a3 Na6 19. Qe5 d6 20. Qd5 Qxd5 21.
cxd5 Bf6 22. e4 Ke7 23. Rc1 Bxb2 24. Rc2 Bxa3 25. Bxa6 bxa6 26. Rc7+ Kf6 27.
Rxa7 Bg4 28. Rxa6 Bb4+ 29. Kf1 Rc8 30. Ra4 Rb8 31. Nc7 Bh3+ 32. Ke2 Bc3 33. Nd4
Rb2+ 34. Kd3 1/2-1/2

[Event "7.Open inter.Ch.of Vojvodina 2016"]
[Site "Novi Sad - Master Centar, Hajd"]
[Date "2016.07.19"]
[Round "7.6"]
[White "Leskur, Dejan"]
[Black "Besedes, Danilo"]
[Result "1/2-1/2"]
[WhiteElo "2392"]
[BlackElo "2306"]
[PlyCount "31"]
[EventDate "2016.07.15"]

1. e4 e6 2. d4 d5 3. Nc3 dxe4 4. Nxe4 Bd7 5. Nf3 Bc6 6. Bd3 Nd7 7. c4 Ngf6 8.
Nc3 Bxf3 9. Qxf3 c5 10. d5 Ne5 11. Qe2 Nxd3+ 12. Qxd3 exd5 13. cxd5 Bd6 14. O-O
O-O 15. h3 Be5 16. Be3 1/2-1/2

[Event "7.Open inter.Ch.of Vojvodina 2016"]
[Site "Novi Sad - Master Centar, Hajd"]
[Date "2016.07.19"]
[Round "7.7"]
[White "Atalik, Suat"]
[Black "Kovacevic, Sinisa"]
[Result "1-0"]
[WhiteElo "2564"]
[BlackElo "2229"]
[PlyCount "33"]
[EventDate "2016.07.15"]

1. d4 d5 2. c4 e6 3. Nf3 Nf6 4. g3 c6 5. Nbd2 Nbd7 6. Bg2 Bd6 7. O-O O-O 8. Qc2
Qe7 9. Re1 b6 10. e4 dxe4 11. Nxe4 Nxe4 12. Rxe4 Bb7 13. Bg5 Nf6 14. Ne5 Rfc8
15. Ng4 Rab8 16. Nxf6+ gxf6 17. Rh4 1-0

[Event "7.Open inter.Ch.of Vojvodina 2016"]
[Site "Novi Sad - Master Centar, Hajd"]
[Date "2016.07.19"]
[Round "7.8"]
[White "Fang, Yuxiang"]
[Black "Chekletsov, Ilya"]
[Result "0-1"]
[WhiteElo "2494"]
[BlackElo "2223"]
[PlyCount "104"]
[EventDate "2016.07.15"]

1. Nf3 Nf6 2. c4 e6 3. g3 b6 4. Bg2 Bb7 5. O-O Be7 6. Nc3 O-O 7. Re1 d5 8. cxd5
exd5 9. d4 Na6 10. Bf4 c5 11. Ne5 Rc8 12. Nb5 Qe8 13. a4 Ra8 14. Rc1 cxd4 15.
Nxd4 Bb4 16. Nec6 Bxe1 17. Qxe1 Bxc6 18. Nxc6 Nc5 19. Bd6 Qxc6 20. Bxf8 Rxf8
21. b4 Rc8 22. bxc5 bxc5 23. Qa5 Rc7 24. e3 h6 25. Rb1 c4 26. Rb8+ Kh7 27. Bf1
Rb7 28. Ra8 Rb1 29. Rxa7 Qe6 30. Qc3 Qf5 31. Kg2 Ne4 32. Qc2 Rxf1 33. Rxf7 Qxf7
34. Kxf1 Kh8 35. a5 c3 36. a6 Qa7 37. Qd3 Qc5 38. Kg2 Nd6 39. a7 Qxa7 40. Qxc3
Qe7 41. f3 Qe6 42. g4 Nc4 43. Kf2 Qe5 44. Qxe5 Nxe5 45. h3 Kg8 46. f4 Nc6 47.
e4 d4 48. e5 Kf7 49. Kf3 g5 50. Ke4 gxf4 51. Kxf4 d3 52. Ke3 Ke6 0-1

[Event "7.Open inter.Ch.of Vojvodina 2016"]
[Site "Novi Sad - Master Centar, Hajd"]
[Date "2016.07.19"]
[Round "7.9"]
[White "Tisma, Ivan"]
[Black "Sredojevic, Ivan"]
[Result "0-1"]
[WhiteElo "2212"]
[BlackElo "2342"]
[PlyCount "76"]
[EventDate "2016.07.15"]

1. c4 g6 2. g3 Bg7 3. Bg2 Nf6 4. Nc3 O-O 5. d3 d6 6. Nf3 e5 7. O-O Nc6 8. Rb1
a5 9. a3 Re8 10. Nd2 Be6 11. b4 axb4 12. axb4 d5 13. cxd5 Nxd5 14. Nxd5 Bxd5
15. Ne4 h6 16. b5 Nd4 17. Be3 Ne6 18. Bh3 b6 19. Qc1 Kh7 20. Rd1 f5 21. Nc3 Bb7
22. Rb4 f4 23. Bd2 Nd4 24. Bf1 Qd7 25. Qb1 Ra3 26. Ne4 f3 27. exf3 Nxf3+ 28.
Kh1 Qf5 29. Be3 Rea8 30. Qc2 Ra1 31. Rxa1 Rxa1 32. Rb1 Ne1 33. Rxe1 Rxe1 34.
Kg2 Bc8 35. g4 Qxg4+ 36. Ng3 Bb7+ 37. Kg1 Qf3 38. Ne4 Qh3 0-1

[Event "7.Open inter.Ch.of Vojvodina 2016"]
[Site "Novi Sad - Master Centar, Hajd"]
[Date "2016.07.19"]
[Round "7.10"]
[White "Blazeka, Matej"]
[Black "Paramzina, Anastasya"]
[Result "1/2-1/2"]
[WhiteElo "2328"]
[BlackElo "2140"]
[PlyCount "39"]
[EventDate "2016.07.15"]

1. e4 c5 2. Nf3 d6 3. d4 cxd4 4. Nxd4 Nf6 5. f3 e5 6. Nb3 Be7 7. c4 a5 8. Be3
a4 9. N3d2 Qa5 10. Be2 O-O 11. Na3 Bd8 12. O-O Bb6 13. Bf2 Nh5 14. Ndb1 Nf4 15.
Nc3 Be6 16. Nab5 Rd8 17. Nd5 Bxd5 18. cxd5 Na6 19. Bc4 Rdc8 20. b3 1/2-1/2

[Event "7.Open inter.Ch.of Vojvodina 2016"]
[Site "Novi Sad - Master Centar, Hajd"]
[Date "2016.07.19"]
[Round "7.11"]
[White "Kumic, Filip"]
[Black "Djoric, Hadzi Goran"]
[Result "1-0"]
[WhiteElo "2312"]
[BlackElo "2129"]
[PlyCount "51"]
[EventDate "2016.07.15"]

1. e4 c6 2. Nc3 d5 3. d3 dxe4 4. Nxe4 Nf6 5. Qe2 Na6 6. Bd2 e6 7. O-O-O Be7 8.
g4 Nc7 9. Bg2 a5 10. h4 a4 11. g5 Ng8 12. Nf3 b5 13. Ne5 Bd7 14. Qf3 f5 15.
Qh5+ g6 16. Nxg6 hxg6 17. Qxh8 Kf8 18. Bc3 Ne8 19. Ng3 b4 20. Be5 b3 21. cxb3
a3 22. bxa3 Bxa3+ 23. Kc2 Qa5 24. Bc3 Bb4 25. a4 Qc5 26. Qd4 1-0